000 00333nam a2200145Ia 4500
005 20251222152655.0
008 251222s9999||||xx |||||||||||||| ||spa||
020 _a8401463734
082 _a813.541/W78
100 _aWolf, Joan
245 0 _aLos Cazadores de Renos
250 _a1ra.ed.
264 _bPlaza & Janés
942 _cLIB
999 _c28615
_d28615